<?xml version="1.0" encoding="UTF-8"?>
<record
    xmlns:xsi="http://www.w3.org/2001/XMLSchema-instance"
    xsi:schemaLocation="http://www.loc.gov/MARC21/slim http://www.loc.gov/standards/marcxml/schema/MARC21slim.xsd"
    xmlns="http://www.loc.gov/MARC21/slim">

  <leader>00834nam a22001457a 4500</leader>
  <controlfield tag="003">LRUA</controlfield>
  <controlfield tag="005">20200715100912.0</controlfield>
  <controlfield tag="008">200715b        xxu||||| |||| 00| 0 eng d</controlfield>
  <datafield tag="040" ind1=" " ind2=" ">
    <subfield code="c">RUA</subfield>
  </datafield>
  <datafield tag="082" ind1=" " ind2=" ">
    <subfield code="a">AGR HOU 2018 B433 Or.1</subfield>
  </datafield>
  <datafield tag="100" ind1=" " ind2=" ">
    <subfield code="9">14272</subfield>
    <subfield code="a">HOUN OUDDOM,&#x17A0;&#x17BD;&#x1793; &#x17A7;&#x178F;&#x17D2;&#x178F;&#x1798;</subfield>
  </datafield>
  <datafield tag="245" ind1=" " ind2=" ">
    <subfield code="a">soil aggregate stability and aggregate associated organic carbon in maize-based conservation agriculture cropping systems ,&#x179F;&#x17D2;&#x1790;&#x17B7;&#x179A;&#x1797;&#x17B6;&#x1796;&#x17A2;&#x17B6;&#x17A0;&#x17D2;&#x179A;&#x17D2;&#x178F;&#x17B8;&#x17A0;&#x17D2;&#x1782;&#x17C1;&#x178F; &#x1793;&#x17B7;&#x1784;&#x1780;&#x17B6;&#x179A;&#x1794;&#x17BC;&#x1793;&#x179F;&#x179A;&#x17B8;&#x179A;&#x17B6;&#x1784;&#x17D2;&#x1782;&#x1780;&#x17D2;&#x1793;&#x17BB;&#x1784;&#x17A2;&#x17B6;&#x17A0;&#x17D2;&#x179A;&#x17D2;&#x1782;&#x17B8;&#x17A0;&#x17D2;&#x1782;&#x17C1;&#x178F;&#x178A;&#x17B8; &#x1780;&#x17D2;&#x1793;&#x17BB;&#x1784;&#x1794;&#x17D2;&#x179A;&#x1796;&#x17D0;&#x1793;&#x17D2;&#x1792;&#x178A;&#x17B6;&#x17C6;&#x178A;&#x17BB;&#x17C7;&#x178A;&#x17C6;&#x178E;&#x17B6;&#x17C6;&#x178F;&#x17B6;&#x1798;&#x1780;&#x179F;&#x17B7;&#x1780;&#x1798;&#x17D2;&#x1798;&#x17A2;&#x1797;&#x17B7;&#x179A;&#x1780;&#x17D2;&#x179F;&#x178A;&#x17C2;&#x179B;&#x1798;&#x17B6;&#x1793;&#x1796;&#x17C4;&#x178F;&#x1787;&#x17B6;&#x1798;&#x17BD;&#x179B;&#x178A;&#x17D2;&#x178B;&#x17B6;&#x1793;</subfield>
  </datafield>
  <datafield tag="260" ind1=" " ind2=" ">
    <subfield code="a">viii;27p;</subfield>
    <subfield code="b">ill;</subfield>
    <subfield code="c">29cm;</subfield>
  </datafield>
  <datafield tag="942" ind1=" " ind2=" ">
    <subfield code="2">ddc</subfield>
    <subfield code="c">AGR</subfield>
  </datafield>
  <datafield tag="999" ind1=" " ind2=" ">
    <subfield code="c">19247</subfield>
    <subfield code="d">19247</subfield>
  </datafield>
  <datafield tag="952" ind1=" " ind2=" ">
    <subfield code="0">0</subfield>
    <subfield code="1">0</subfield>
    <subfield code="2">ddc</subfield>
    <subfield code="4">0</subfield>
    <subfield code="6">AGR_HOU_2018_000000000000000_B433_OR_1</subfield>
    <subfield code="7">0</subfield>
    <subfield code="9">84464</subfield>
    <subfield code="a">LBB</subfield>
    <subfield code="b">LBB</subfield>
    <subfield code="c">B433</subfield>
    <subfield code="d">2020-07-15</subfield>
    <subfield code="o">AGR HOU 2018 B433 Or.1</subfield>
    <subfield code="p">A063465</subfield>
    <subfield code="r">2020-07-15</subfield>
    <subfield code="w">2020-07-15</subfield>
    <subfield code="y">AGR</subfield>
  </datafield>
  <datafield tag="952" ind1=" " ind2=" ">
    <subfield code="0">0</subfield>
    <subfield code="1">0</subfield>
    <subfield code="2">ddc</subfield>
    <subfield code="4">0</subfield>
    <subfield code="6">AGR_HOU_2018_000000000000000_B433_OR_2</subfield>
    <subfield code="7">0</subfield>
    <subfield code="9">84465</subfield>
    <subfield code="a">LBB</subfield>
    <subfield code="b">LBB</subfield>
    <subfield code="c">B433</subfield>
    <subfield code="d">2020-07-15</subfield>
    <subfield code="o">AGR HOU 2018 B433 Or.2</subfield>
    <subfield code="p">A063285</subfield>
    <subfield code="r">2020-07-15</subfield>
    <subfield code="w">2020-07-15</subfield>
    <subfield code="y">AGR</subfield>
  </datafield>
  <datafield tag="952" ind1=" " ind2=" ">
    <subfield code="0">0</subfield>
    <subfield code="1">0</subfield>
    <subfield code="2">ddc</subfield>
    <subfield code="4">0</subfield>
    <subfield code="6">AGR_HOU_2018_000000000000000_B433_OR_3</subfield>
    <subfield code="7">0</subfield>
    <subfield code="9">84466</subfield>
    <subfield code="a">LBB</subfield>
    <subfield code="b">LBB</subfield>
    <subfield code="c">B433</subfield>
    <subfield code="d">2020-07-15</subfield>
    <subfield code="l">1</subfield>
    <subfield code="o">AGR HOU 2018 B433 Or.3</subfield>
    <subfield code="p">A063345</subfield>
    <subfield code="r">2023-08-15</subfield>
    <subfield code="s">2023-07-19</subfield>
    <subfield code="w">2020-07-15</subfield>
    <subfield code="y">AGR</subfield>
  </datafield>
  <datafield tag="952" ind1=" " ind2=" ">
    <subfield code="0">0</subfield>
    <subfield code="1">0</subfield>
    <subfield code="2">ddc</subfield>
    <subfield code="4">0</subfield>
    <subfield code="6">AGR_HOU_2018_000000000000000_B433_OR_4</subfield>
    <subfield code="7">0</subfield>
    <subfield code="9">84467</subfield>
    <subfield code="a">LBB</subfield>
    <subfield code="b">LBB</subfield>
    <subfield code="c">B433</subfield>
    <subfield code="d">2020-07-15</subfield>
    <subfield code="l">1</subfield>
    <subfield code="o">AGR HOU 2018 B433 Or.4</subfield>
    <subfield code="p">A063405</subfield>
    <subfield code="r">2023-10-25</subfield>
    <subfield code="s">2023-09-29</subfield>
    <subfield code="w">2020-07-15</subfield>
    <subfield code="y">AGR</subfield>
  </datafield>
  <datafield tag="952" ind1=" " ind2=" ">
    <subfield code="0">0</subfield>
    <subfield code="1">0</subfield>
    <subfield code="2">ddc</subfield>
    <subfield code="4">0</subfield>
    <subfield code="6">AGR_HOU_2018_000000000000000_B433_OR_5</subfield>
    <subfield code="7">0</subfield>
    <subfield code="9">84468</subfield>
    <subfield code="a">LBB</subfield>
    <subfield code="b">LBB</subfield>
    <subfield code="c">B433</subfield>
    <subfield code="d">2020-07-15</subfield>
    <subfield code="l">1</subfield>
    <subfield code="m">1</subfield>
    <subfield code="o">AGR HOU 2018 B433 Or.5</subfield>
    <subfield code="p">A063603</subfield>
    <subfield code="r">2022-12-21</subfield>
    <subfield code="s">2022-11-22</subfield>
    <subfield code="w">2020-07-15</subfield>
    <subfield code="y">AGR</subfield>
  </datafield>
  <datafield tag="952" ind1=" " ind2=" ">
    <subfield code="0">0</subfield>
    <subfield code="1">0</subfield>
    <subfield code="2">ddc</subfield>
    <subfield code="4">0</subfield>
    <subfield code="6">AGR_HOU_2018_000000000000000_B433_OR_6</subfield>
    <subfield code="7">0</subfield>
    <subfield code="9">84469</subfield>
    <subfield code="a">LBB</subfield>
    <subfield code="b">LBB</subfield>
    <subfield code="c">B433</subfield>
    <subfield code="d">2020-07-15</subfield>
    <subfield code="o">AGR HOU 2018 B433 Or.6</subfield>
    <subfield code="p">A063357</subfield>
    <subfield code="r">2020-07-15</subfield>
    <subfield code="w">2020-07-15</subfield>
    <subfield code="y">AGR</subfield>
  </datafield>
</record>
